| 000 | 00000nam 2200000zi 4500 |
| 001 | 9.902222 |
| 003 | CaOODSP |
| 005 | 20221107175910 |
| 006 | m o d f |
| 007 | cr |n||||||||| |
| 008 | 210730t20212021onc ob f000 0 eng d |
| 040 | |aCaOODSP|beng|erda|cCaOODSP |
| 043 | |an-cn--- |
| 086 | 1 |aH113-27/2021-9E-PDF |
| 245 | 00|aMustard seed powder (Brassica hirta) and sodium alpha-olefin sulfonate and their associated end-use products : |bconsultation document. |
| 264 | 1|aOttawa, Ontario : |bPest Management Regulatory Agency, Health Canada, |c2021. |
| 264 | 4|c©2021 |
| 300 | |a1 online resource (8 pages) |
| 336 | |atext|btxt|2rdacontent |
| 337 | |acomputer|bc|2rdamedia |
| 338 | |aonline resource|bcr|2rdacarrier |
| 490 | 1 |aProposed re-evaluation decision, |x1925-0967 ; |vPRVD2021-09 |
| 500 | |aIssued also in French under title: Poudre de graines de moutarde (Brassica hirta), α-oléfinesulfonate de sodium et préparations commerciales connexes : document de consultation. |
| 500 | |aReport summary issued also in HTML format. |
| 500 | |a"30 July 2021." |
| 504 | |aIncludes bibliographical references (page 8). |
| 650 | 0|aPesticides|xCertification|zCanada. |
| 650 | 0|aPesticides|xToxicology. |
| 650 | 0|aPesticides|xEnvironmental aspects. |
| 710 | 1 |aCanada. |bPest Management Regulatory Agency, |eissuing body. |
| 775 | 08|tPoudre de graines de moutarde (Brassica hirta), α-oléfinesulfonate de sodium et préparations commerciales connexes : |w(CaOODSP)9.902223 |
| 830 | #0|aProposed re-evaluation decision (Canada. Pest Management Regulatory Agency)|vPRVD2021-09.|w(CaOODSP)9.505201 |
| 856 | 40|qPDF|s116 KB|uhttps://publications.gc.ca/collections/collection_2021/sc-hc/h113-27/H113-27-2021-9-eng.pdf|z(report) |
| 856 | 4 |qHTML|sN/A|uhttps://www.canada.ca/en/health-canada/services/consumer-product-safety/pesticides-pest-management/public/consultations/proposed-re-evaluation-decisions/2021/mustard-seed-sodium-alpha-olefin-sulfonate/document.html|z(summary) |